Les clubs de foot français niveau expert - Statistiques

Statistiques générales
  • Ce quiz a été pris 108 fois
  • Le résultat moyen est 21 sur 25
Statistiques - réponses
Par images Réponse % Correct
Metz
98%
Caen
97%
Clermont
97%
Red Star
95%
Ajaccio
94%
Bastia
94%
Dijon
92%
Guingamp
92%
Sochaux
92%
Troyes
92%
Grenoble
91%
Amiens
87%
Laval
87%
Valenciennes
87%
Le Mans
85%
Nancy
85%
Dunkerque
83%
Rodez
83%
Annecy
81%
Versailles
81%
Rouen
80%
Boulogne
74%
Pau
58%
Le Puy
45%
Fleury
43%
Aucun quiz correspondant
Distribution des résultats
% des personnes avec chaque résultat
Percentile par nombre de réponses
Votre historique - résultats
Vous n’avez pas pris ce quiz